LEADER 00868nam a2200205 i 4500 001 000000013420 003 CaOOAMICUS 005 20180830125441.0 008 180830s1859 fr u000 u und u 040 $aSeMil$bita 100 1 $aMontalembert, Charles : de,$d<1810-1870>.$0(OLS)http://semarc/name/6409 245 10$aHistoire de sainte Elisabeth de Hongrie, duchesse de Thuringe, 1207-1231 /$cpar le comte de Montalembert. 250 $a8. éd. 260 $aParis :$bAmbroise Bray,$c1859. 300 $a2 v. ;$c21 cm. 600 04$aElisabetta : d'Ungheria .$0(OLS)http://semarc/subject/2236 774 0 $tTome 1.$g1$w()91073 774 0 $tTome 2.$g2$w()247135 996 $6245$aHistoire de sainte Elisabeth de Hongrie, duchesse de Thuringe, 1207-1231$9(OLS)http://semarc/title/17886 996 $6260$aParis :$bAmbroise Bray$9(OLS)http://semarc/publisher/33425 LEADER 00983nam a2200193 i 4500 001 000000050458 003 CaOOAMICUS 005 20130111000000.0 008 130111s1744 xx u000 u fre u 013 $a21629 026 $au-l- m-me reme voLe (3) 1744 (R) 040 $aSeMil$bita 245 10$aTome 1. 300 $aviij, 1582 col., [1] p. 500 $aSegn. : pigreco2 *4 A-5G4. 773 0 $aFromageau, Germain <1640-1705>$tDictionnaire des cas de conscience, décidés suivant les principes de la morale, les usages de la discipline ecclesiastique, l'autorité des conciles et des canonistes et la jurisprudence du royaume. Par feus Messieur de Lamet & Fromageau ..$dA Basle : De l'Imprimerie de Jean-Louis Brandmuller, & Compagnie ; et se vend A Lauzanne : Chez Marc & Michel Bousquet, & Compagnie, 1744.$g1$w()27902 850 $aSeMil 852 $aSeMil$W1$xVenegono$y1$m2E VI 58 FA$j16613$B16613$CSeMilBibl$Z2$F16613 $8I 996 $6245$aTome 1$9(OLS)http://semarc/title/1447